LEADER 01434nam a2200253 a 4500 001 000000153470 003 CaOOAMICUS 005 20160905105715.0 008 160905s1995 it u000 u ita r 032 $aLibriCat 040 $aPUL$bita 245 02$aL'attuazione della libertą religiosa in Italia :$bnote essenziali di legislazione e dottrina. 260 $aRoma :$bPresidenza del Consiglio dei ministri, Dipartimento per l'informazione e l'editoria, Ministero dell'interno, Direzione generale degli affari dei culti,$c1995. 300 $a231 p. ;$c24 cm. 490 1 $aSocietą e istituzioni 500 $aSulla cop.: Costituzione della Repubblica italiana. Art. 8 Tutte le confessioni religiose sono egualmente libere davanti alla legge. 650 4$aLibertą religiosa$zItalia.$0(OLS)http://pul/subject/20043 830 0$aSocietą e istituzioni.$0(OLS)http://pul/title/9715 850 $aPUL 852 $aPUL$W1$xDP1 Fondo G. Barberini$y122$m3 F 34$j167000$qFondi$B179362$CPULBib$Z2$F179362 $HBar1987 $81 941 1 $a1 996 $6245$aL'attuazione della libertą religiosa in Italia :$bnote essenziali di legislazione e dottrina$9(OLS)http://pul/title/192939 996 $6260$aRoma :$bPresidenza del Consiglio dei ministri, Dipartimento per l'informazione e l'editoria, Ministero dell'interno, Direzione generale degli affari dei culti$9(OLS)http://pul/publisher/85237 LEADER 01350nam a2200313 a 4500 001 000000139181 003 CaOOAMICUS 005 20140709153323.0 008 140709s2014 it u000 u ita r 020 $a978-88-217-4629-1 040 $aPUL$bita 082 04$a348.45 245 00$aLegge fallimentare :$bformulario commentato /$ca cura di Massimo Fabiani, Giovanni Battista Nardecchia. 260 $aMilanofiori Assago :$bWolters Kluwer,$c©2014. 300 $aCXXII, 2836 p. ;$c22 cm+$eCd-Rom 490 1 $aCommentari IPSOA 500 $aSul front.: Cd-Rom. 650 4$aFallimento (diritto).$0(OLS)http://pul/subject/17091 700 1 $aFabiani, Massimo.$0(OLS)http://pul/name/75387 700 1 $aNardecchia, Giovanni Battista.$0(OLS)http://pul/name/67889 830 0$aCommentari IPSOA.$0(OLS)http://pul/title/133094 850 $aPUL 852 $aPUL$W1$xSL Diritto e Scienze Sociali 3$y79$m348. 45 COD 2.25$j160785$qDDC 21$B160182$CPULBib$Z2$F160182 $H124385 $82 941 1 $a9 996 $6020$a978-88-217-4629-1$9(OLS)http://pul/number/155735 996 $6082$a348.45$9(OLS)http://pul/classification/373 996 $6245$aLegge fallimentare :$bformulario commentato$9(OLS)http://pul/title/176221 996 $6260$aMilanofiori Assago :$bWolters Kluwer$9(OLS)http://pul/publisher/81463